| 000 | 00420nam a22001577a 4500 | ||
|---|---|---|---|
| 020 | _a0471577839 | ||
| 040 | _cNUST | ||
| 082 |
_a621.3678 _bLIL'R |
||
| 100 |
_aLillesand, Thomas M. _93473 |
||
| 110 |
_aKiefer, Ralph W. _9126241 |
||
| 245 | _aRemote Sensing and Image Interpretation | ||
| 250 | _a3rd Edition | ||
| 260 |
_aNew York: _bJohn Wiley & Sons, _c1994. |
||
| 650 |
_aImage Analysis _93477 |
||
| 942 |
_2ddc _cBK |
||
| 999 |
_c611974 _d611974 |
||